000 00811nam a2200289Ia 4500
003 OSt
005 20220918164012.0
006 a|||||r|||| 00| 0
007 ta
008 220917b |||||||| |||| 00| 0 eng d
020 _a0393975916 (hbk)
024 _a195,474
037 _cTextual
040 _aARTS
_cARTS
_beng
041 _2eng
_aeng
082 _aSN1:43, P2
100 _aSchwartz Barry
_916529
245 0 _aPsychology of learning and behavior
250 _a5th
260 _aNewyork
_bW.W.Norton & co.
_c2002
300 _axii,450 p.
_ccm.
650 _aPSYCHOLOGY
700 _a Robbins Steven J.
_916530
700 _a Wasserman Edward A.
_916531
942 _hSN1:43, P2
_cTEXL
_2CC
999 _c122550
_d122550